Pragas dos citrinos na ilha da madeira

I tiakina i:
Ngā taipitopito rārangi puna kōrero
Ngā kaituhi matua: Carvalho, José Passos de (Author), Aguiar, António M. Franquinho (Author)
Hōputu: Pukapuka
Reo:Pōtukīhi
I whakaputaina: Madeira Direccao Regional de Agricultura da Regiao Autónoma da Madeira 1997
Ngā marau:
Ngā Tūtohu: Tāpirihia he Tūtohu
Kāore He Tūtohu, Me noho koe te mea tuatahi ki te tūtohu i tēnei pūkete!

MARC

LEADER 00000nam a2200000 a 4500
001 UCN8972
003 CL-VaPUC
008 011123e19970000PO |||||||||||||||||por|d
082 0 4 |a 632.77  |b CAR  |2 21 
100 0 |a Carvalho, José Passos de  |e author  |9 465498 
700 0 |a Aguiar, António M. Franquinho  |e author  |9 465499 
245 1 0 |a Pragas dos citrinos na ilha da madeira 
300 |a 411 p 
942 |c BK 
945 |d 20011123 00:00:00  |a cmena 
260 |a Madeira  |b Direccao Regional de Agricultura da Regiao Autónoma da Madeira  |c 1997 
500 |a Subprograma de Luta contra Aleurothrixus floccosus, Maskell 
650 7 |a INSECTOS PLAGA  |2 CL-VaPUC  |9 465500 
650 7 |a MOSCAS  |2 CL-VaPUC  |9 338687 
650 0 |a Control de plagas  |9 327373 
650 0 |a Árboles frutales   |9 264297 
650 7 |a LIMONEROS  |2 CL-VaPUC  |9 460709 
583 |a last modification  |c 20011123 00:00:00  |k Rodrigo Vera 
999 |c 298643  |d 298641